000 00364nam a2200145Ia 4500
008 210215s9999 xx 000 0 und d
020 _a9788123918747
082 _a615.5
_bKAR-C
100 _aKAR ASHUTOSH
245 0 _aCHEMISTRY OF NATURAL PRODUCTS
250 _a1ST
260 _bCBS PUBLISERS & DISTRIBUTORS
_c2020
300 _aVII-XVIII 501
942 _cBK
999 _c33099
_d33099